Abeceda přípravy dobré kávy /

Hlavní autor: Trubač, Richard
Další autoři: Ceplecha, Bohumil, 1926-, Luňák, Vladimír
Jazyk: Čeština
Vydáno: Praha : Lucie :Atelier, 1991
Vydání: 1. vydání
Edice: Lucie radí
Témata:
Fyzický popis: 45 stran : ilustrace ; 20 cm
Knihy
Uloženo v:
LEADER 01280nam a22003732i 4500
001 001528107
003 CZ BrMZK
005 20161012093603.0
007 ta
008 160525s1991 xr a er|||||||||||cze d
015 |a cnb000060689 
020 |a 80-238-3853-9  |q (Atelier ;  |q v knize neuvedeno ;  |q brož.)  |z 80-900316-7-X 
035 |a (OCoLC)39577332 
040 |a ABA001  |b cze  |d ABA001  |d BOA001  |e rda 
080 9 |a 641/642 
080 9 |a 641.87(083.1) 
100 1 |a Trubač, Richard  |4 aut 
245 1 0 |a Abeceda přípravy dobré kávy /  |c Richard Trubač... [et. al.] ; obálka a ilustrace Bohumil Ceplecha ; grafická úprava Vladimír Luňák 
250 |a 1. vydání 
264 1 |a Praha :  |b Lucie :  |b Atelier,  |c 1991 
300 |a 45 stran :  |b ilustrace ;  |c 20 cm 
336 |a text  |b txt  |2 rdacontent 
337 |a bez média  |b n  |2 rdamedia 
338 |a svazek  |b nc  |2 rdacarrier 
490 1 |a Lucie radí ;  |v svazek 7 
500 |a 25000 výtisků 
655 7 |a brožury  |7 fd131925  |2 czenas 
700 1 |a Ceplecha, Bohumil,  |d 1926-  |7 jk01020611  |4 ill 
700 1 |a Luňák, Vladimír  |4 ill 
830 0 |a Lucie radí 
910 |a BOA001  |b X-0965.490 
990 |a BK 
991 |b 201605 
996 6 |b 2619163746  |c X-0965.490  |l MZK  |r Sklad / do 24 hodin  |n 1  |w 001563261  |u 000010  |a 1  |e BOA001  |j MZK50  |s P